Analytical and Stochastic Modeling Techniques and Applications 18th International Conference, ASMTA 2011, Venice, Italy, June 20-22, 2011. Proceedings /

This book constitutes the refereed proceedings of the 18th International Conference on Analytical and Stochastic Modeling Techniques and Applications, ASMTA 2011, held in Venice, Italyin June 2011. The 24 revised full papers presented were carefully reviewed and selected from many submissions.The pa...

Full description

Bibliographic Details
Corporate Author: SpringerLink (Online service)
Other Authors: Al-Begain, Khalid (Editor), Balsamo, Simonetta (Editor), Fiems, Dieter (Editor), Marin, Andrea (Editor)
Format: Electronic eBook
Language:English
Published: Berlin, Heidelberg : Springer Berlin Heidelberg : Imprint: Springer, 2011.
Series:Lecture Notes in Computer Science, 6751
Subjects:
Online Access:Full Text via HEAL-Link
LEADER 02741nam a22005895i 4500
001 978-3-642-21713-5
003 DE-He213
005 20170113062207.0
007 cr nn 008mamaa
008 110611s2011 gw | s |||| 0|eng d
020 |a 9783642217135  |9 978-3-642-21713-5 
024 7 |a 10.1007/978-3-642-21713-5  |2 doi 
040 |d GrThAP 
050 4 |a QA76.758 
072 7 |a UMZ  |2 bicssc 
072 7 |a COM051230  |2 bisacsh 
082 0 4 |a 005.1  |2 23 
245 1 0 |a Analytical and Stochastic Modeling Techniques and Applications  |h [electronic resource] :  |b 18th International Conference, ASMTA 2011, Venice, Italy, June 20-22, 2011. Proceedings /  |c edited by Khalid Al-Begain, Simonetta Balsamo, Dieter Fiems, Andrea Marin. 
264 1 |a Berlin, Heidelberg :  |b Springer Berlin Heidelberg :  |b Imprint: Springer,  |c 2011. 
300 |a XI, 347 p. 114 illus., 44 illus. in color.  |b online resource. 
336 |a text  |b txt  |2 rdacontent 
337 |a computer  |b c  |2 rdamedia 
338 |a online resource  |b cr  |2 rdacarrier 
347 |a text file  |b PDF  |2 rda 
490 1 |a Lecture Notes in Computer Science,  |x 0302-9743 ;  |v 6751 
520 |a This book constitutes the refereed proceedings of the 18th International Conference on Analytical and Stochastic Modeling Techniques and Applications, ASMTA 2011, held in Venice, Italyin June 2011. The 24 revised full papers presented were carefully reviewed and selected from many submissions.The papers are organized in topical sections on queueing theory, software and computer systems, statistics and inference, telecommunication networks, and performance and performability. . 
650 0 |a Computer science. 
650 0 |a Computer communication systems. 
650 0 |a Computer system failures. 
650 0 |a Software engineering. 
650 0 |a Operating systems (Computers). 
650 0 |a Computers. 
650 0 |a Mathematical statistics. 
650 1 4 |a Computer Science. 
650 2 4 |a Software Engineering. 
650 2 4 |a Operating Systems. 
650 2 4 |a Computer Communication Networks. 
650 2 4 |a Computation by Abstract Devices. 
650 2 4 |a System Performance and Evaluation. 
650 2 4 |a Probability and Statistics in Computer Science. 
700 1 |a Al-Begain, Khalid.  |e editor. 
700 1 |a Balsamo, Simonetta.  |e editor. 
700 1 |a Fiems, Dieter.  |e editor. 
700 1 |a Marin, Andrea.  |e editor. 
710 2 |a SpringerLink (Online service) 
773 0 |t Springer eBooks 
776 0 8 |i Printed edition:  |z 9783642217128 
830 0 |a Lecture Notes in Computer Science,  |x 0302-9743 ;  |v 6751 
856 4 0 |u http://dx.doi.org/10.1007/978-3-642-21713-5  |z Full Text via HEAL-Link 
912 |a ZDB-2-SCS 
912 |a ZDB-2-LNC 
950 |a Computer Science (Springer-11645)